Les 10 villes de France les plus peuplées commençant par V - Statistiques

Statistiques générales
  • Ce quiz a été pris 101 fois
  • Le résultat moyen est 5 sur 10
Statistiques - réponses
# Ville Population % Correct
5 Valence 64.288
91%
1 Villeurbanne 162.207
65%
3 Versailles 83.918
64%
8 Vannes 54.955
55%
2 Vitry-sur-Seine 95.232
47%
6 Villeneuve d'Ascq 62.342
41%
4 Vénissieux 66.701
28%
9 Vaulx-en-Velin 52.448
26%
10 Vincennes 48.368
26%
7 Villejuif 58.142
18%
Aucun quiz correspondant
Distribution des résultats
% des personnes avec chaque résultat
Percentile par nombre de réponses
Votre historique - résultats
Vous n’avez pas pris ce quiz